| Tag |
First Indicator |
Second Indicator |
Subfields |
| LEADER |
00000cam a2200000 a 4500 |
| 001 |
in00001620121 |
| 005 |
20151023053905.0 |
| 008 |
000612s2001 nyu b 001 0 eng |
| 010 |
|
|
|a 00055670
|
| 020 |
|
|
|a 0333793579 (cloth : alk. paper)
|
| 035 |
|
|
|a (OCoLC)ocm44467473
|
| 040 |
|
|
|a DLC
|c DLC
|d C#P
|d UtOrBLW
|
| 043 |
|
|
|a e-uk---
|a n-us---
|
| 049 |
|
|
|a TXAM
|
| 050 |
0 |
0 |
|a PR830.S4
|b P43 2001
|
| 082 |
0 |
0 |
|a 823.009/32162
|2 21
|
| 100 |
1 |
|
|a Peck, John,
|d 1947-
|
| 245 |
1 |
0 |
|a Maritime fiction :
|b sailors and the sea in British and American novels, 1719-1917 /
|c John Peck.
|
| 264 |
|
1 |
|a New York :
|b Palgrave,
|c 2001.
|
| 300 |
|
|
|a ix, 214 pages ;
|c 23 cm.
|
| 336 |
|
|
|a text
|b txt
|2 rdacontent
|
| 337 |
|
|
|a unmediated
|b n
|2 rdamedia
|
| 338 |
|
|
|a volume
|b nc
|2 rdacarrier
|
| 504 |
|
|
|a Includes bibliographical references (pages 186-207) and index.
|
| 650 |
|
0 |
|a Sea stories, English
|x History and criticism.
|
| 650 |
|
0 |
|a Sea stories, American
|x History and criticism.
|
| 650 |
|
0 |
|a Naval art and science in literature.
|
| 650 |
|
0 |
|a Seafaring life in literature.
|
| 650 |
|
0 |
|a Sailors in literature.
|
| 650 |
|
0 |
|a Sea in literature.
|
| 945 |
|
|
|i PromptCat
|
| 948 |
|
|
|a cataloged
|b h
|c 2001/6/6
|d c
|e cmulkey
|f 9:55:42 am
|
| 994 |
|
|
|a 92
|b TXA
|
| 999 |
|
|
|a MARS
|
| 999 |
f |
f |
|s bd2b4126-e5e1-3a00-b57d-832be4a8cde4
|i 49a4eb3c-06f4-347d-aaa2-7a740e436d1a
|t 0
|
| 952 |
f |
f |
|p normal
|a Texas A&M University
|b College Station
|c Sterling C. Evans Library
|d Evans: Library Stacks
|t 0
|e PR830.S4 P43 2001
|h Library of Congress classification
|i unmediated -- volume
|m A14827718671
|
| 998 |
f |
f |
|a PR830.S4 P43 2001
|t 0
|l Evans: Library Stacks
|